000 00329nam a2200133Ia 4500
008 191201s2012 xx 000 0 und d
082 _a338.5
_bMIM
100 _aMISRA,SK
245 0 _aMacroeconomic for B.com 2nd Sem
260 _aN. Delhi
_bHimalaya Publication House
_c2012
300 _a288
650 _aBBA
942 _2ddc
_cBK
999 _c5779
_d5779